اردو کی درسی کوتوب میں جبول وطنی / (Record no. 170087)
[ view plain ]
| 000 -LEADER | |
|---|---|
| fixed length control field | 00639nam a22001937a 4500 |
| 005 - DATE AND TIME OF LATEST TRANSACTION | |
| control field | 20191210165311.0 |
| 010 ## - LCCN (DPL NO) | |
| LC control number | B-12717 |
| 020 ## - INTERNATIONAL STANDARD BOOK NUMBER | |
| Terms of availability | 125.00 |
| 035 ## - SYSTEM CONTROL NUMBER | |
| System control number | B-12717 |
| 037 ## - SOURCE OF ACQUISITION | |
| Source of stock number/acquisition | BPPD/Pub. |
| 082 ## - DEWEY DECIMAL CLASSIFICATION NUMBER | |
| Classification number | 401 |
| 100 ## - MAIN ENTRY--PERSONAL NAME | |
| Personal name | زیدی خوشحال |
| 245 ## - TITLE STATEMENT | |
| Title | اردو کی درسی کوتوب میں جبول وطنی / |
| Statement of responsibility, etc | خوشحال زیدی |
| 246 ## - VARYING FORM OF TITLE | |
| Title proper/short title | Urdu ki Darasi Qutub Mein Hubbul Watani (Urdu) / |
| Remainder of title | by Khush haal Zaidi |
| 260 ## - PUBLICATION, DISTRIBUTION, ETC. (IMPRINT) | |
| Place of publication, distribution, etc | New Delhi |
| Name of publisher, distributor, etc | Buzme Khizre Rah |
| Date of publication, distribution, etc | 1999 ء |
| 270 ## - ADDRESS | |
| Address | 80, Ghaffar Manzil, Jamia Nagar |
| City | New Delhi |
| Postal code | 110025 |
| 300 ## - PHYSICAL DESCRIPTION | |
| Extent | 112p. |
| Dimensions | 23cm(Hb) |
| 942 ## - ADDED ENTRY ELEMENTS (KOHA) | |
| Source of classification or shelving scheme | Dewey Decimal Classification |
| Item type | Urdu Bks |
| Classification part | 840 |
| Call number suffix | ز ی د |
| Withdrawn status | Lost status | Not for loan | Collection code | Home library | Current library | Date acquired | Source of acquisition | Cost, normal purchase price | Full call number | Barcode | Copy number | Cost, replacement price | Koha item type |
|---|---|---|---|---|---|---|---|---|---|---|---|---|---|
| Non-fiction | Central Library | Central Library | 10/12/2019 | BPPD/Ven. | 125.00 | 840 ز ی د | B-12717 | 1 | 125.00 | Urdu Bks |
